LIBRARY ONLINE CATALOGUE

Clinical Parasitology/ (Record no. 18639)

MARC details
000 -LEADER
fixed length control field 00565nam a22001937a 4500
008 - FIXED-LENGTH DATA ELEMENTS--GENERAL INFORMATION
fixed length control field 201125b xxu||||| |||| 00| 0 eng d
020 ## - INTERNATIONAL STANDARD BOOK NUMBER
International Standard Book Number 9781416060444
040 ## - CATALOGING SOURCE
Original cataloging agency KABU
Transcribing agency KABU
050 ## - LIBRARY OF CONGRESS CALL NUMBER
Classification number QR 255
Item number .Z45 2013 C.1
100 ## - MAIN ENTRY--PERSONAL NAME
Personal name Gockel-Blessing A. Elizabeth
245 ## - TITLE STATEMENT
Title Clinical Parasitology/
Remainder of title A practical approach
Statement of responsibility, etc. Elizabeth A. Gockel-Blessing.
250 ## - EDITION STATEMENT
Edition statement 2nd ed.
260 ## - PUBLICATION, DISTRIBUTION, ETC. (IMPRINT)
Name of publisher, distributor, etc. Elsevier,
Date of publication, distribution, etc. 2013.
300 ## - PHYSICAL DESCRIPTION
Extent xiv, 370p.
650 ## - SUBJECT ADDED ENTRY--TOPICAL TERM
Topical term or geographic name as entry element Diagnostic parasitology
650 ## - SUBJECT ADDED ENTRY--TOPICAL TERM
Topical term or geographic name as entry element parasites
650 ## - SUBJECT ADDED ENTRY--TOPICAL TERM
Topical term or geographic name as entry element parasitic diseases
Form subdivision diagnosis
942 ## - ADDED ENTRY ELEMENTS (KOHA)
Source of classification or shelving scheme Library of Congress Classification
Koha item type General Collection
Holdings
Withdrawn status Lost status Source of classification or shelving scheme Not for loan Home library Current library Date acquired Cost, normal purchase price Inventory number Total Checkouts Full call number Barcode Checked out Date last seen Date last checked out Copy number Price effective from Koha item type
    Library of Congress Classification   Kabarak, Main Campus Kabarak, Main Campus 25/11/2020 10368.00 2020/1630 24 QR 255 .Z45 2013 C.1 029378 20/06/2026 04/06/2026 04/06/2026 C. 1 25/11/2020 General Collection